000 01078nam a22002777a 4500
001 8258
003 FISKH
005 20250905105138.0
008 250905b cb ||||| |||| 00| 0 eng d
020 _a9781842393185
040 _aFISKH
_beng
_cFISKH
_dFISKH
082 _a823.912
100 _aBlyton, Guid
245 _aHe wouldn't go to sleep /
_cBy Guid Blyton
250 _aThis edition published in 2004
260 _aLondon :
_bAlligator Books,
_c2004.
300 _a20 pages :
_bcolor illustrations ;
_c23 cm .
490 _aAlligator Series 2
_vBook 1
505 _aK
520 _aA delightful anthology of 17 bedtime stories by Enid Blyton, each offering cozy, imaginative, and child-friendly narratives ideal for bedtime reading. The collection features themes like moonlit nights, birthdays, fairies, and whimsical adventures—written with the warm, comforting style Blyton is beloved for.
521 8 _a510
_bLexile estimate
521 8 _aK
_bRaz-Plus
700 _aWard, Sylvia
_eIllustrator
942 _2ddc
_cBK
_n0
999 _c8258
_d8258